|
|
|
|
| LEADER |
01285nam a2200301 i 4500 |
| 001 |
c000333006 |
| 003 |
CARM |
| 005 |
00000000000000.0 |
| 008 |
790214s1978 ncuaf b 00110 eng |
| 019 |
1 |
|
|a 1365972
|z 3729532
|z 20007284
|5 LACONCORD2021
|
| 020 |
|
|
|a 089089101X
|
| 035 |
|
|
|a (OCoLC)4781556
|5 LACONCORD2021
|
| 043 |
|
|
|a a-ii---
|
| 050 |
0 |
0 |
|a HD2075.C47
|b M46 1978
|
| 100 |
1 |
|
|a Mencher, Joan P.,
|d 1930-
|
| 245 |
1 |
0 |
|a Agriculture and social structure in Tamil Nadu :
|b past origins, present transformations, and future prospects /
|c by Joan P. Mencher.
|
| 260 |
|
|
|a Durham, N.C. :
|b Carolina Academic Press,
|c c1978.
|
| 300 |
|
|
|a xix, 314 p., [7] leaves of plates (1 fold.) :
|b ill. ;
|c 22 cm.
|
| 500 |
|
|
|a Includes index.
|
| 504 |
|
|
|a Bibliography: p. [301]-307.
|
| 650 |
|
0 |
|a Agriculture and state
|z India
|z Chingleput (District)
|
| 650 |
|
0 |
|a Agriculture and state
|z India
|z Tamil Nadu.
|
| 650 |
|
0 |
|a Land tenure
|z India
|z Chingleput (District)
|
| 651 |
|
0 |
|a Chingleput (India : District)
|x Rural conditions.
|
| 852 |
8 |
|
|b CARM
|h A1:AL18F0
|i B10003
|p 0446824
|f BK
|
| 082 |
0 |
4 |
|a 338.1/0954/82
|
| 999 |
f |
f |
|i ce08cbb1-f5ae-5109-9920-6318bec3dc37
|s 13d3f2e4-58da-5d04-9958-725748b5c2c9
|
| 952 |
f |
f |
|p Can circulate
|a CAVAL
|b CAVAL
|c CAVAL
|d CARM 1 Store
|e B10003
|f A1:AL18F0
|h Other scheme
|i book
|m 0446824
|